Visualizzazione normale
Vista MARC
- Robinson W.
di Personal Name
Records bibliografici associati: 1
001 - CONTROL NUMBER
- control field: 31703
003 - CONTROL NUMBER IDENTIFIER
- control field: IT-RoPau
005 - DATE AND TIME OF LATEST TRANSACTION
- control field: 20140624160817.0
008 - FIXED-LENGTH DATA ELEMENTS
- fixed length control field: 140624|| aca||aabn | a|a d
040 ## - CATALOGING SOURCE
- Original cataloging agency: IT-RoPau
- Transcribing agency: IT-RoPau
100 ## - HEADING--PERSONAL NAME
- Personal name: Robinson W.
- Miscellaneous information: Codice autore SPICS: 29334
- Relator term: Autore
- Name of part/section of a work: Old Folks
670 ## - SOURCE DATA FOUND
- Source citation: Work cat.: (IT-RoPau)99324: AA.VV. 794, Gianni Basso rarità e inediti